[Event "Tata Steel Masters 2019"]
[Site "Wijk aan Zee NED"]
[Date "2019.01.25"]
[Round "11"]
[White "Rapport, Richard"]
[Black "Ding, Liren"]
[Result "1/2-1/2"]
[WhiteElo "2731"]
[BlackElo "2813"]
[PlyCount "32"]
[EventDate "2019.01.12"]

1. e4 e5 2. Bc4 Nf6 3. d3 c6 4. Nf3 d5 5. Bb3 Bb4+ 6. Bd2 Bxd2+ 7. Nbxd2 a5 8.
a4 Bg4 9. h3 Bxf3 10. Qxf3 O-O 11. O-O dxe4 12. Nxe4 Nxe4 13. Qxe4 Nd7 14. Qe3
Re8 15. Rae1 Nf6 16. Re2 e4 1/2-1/2

[Event "Tata Steel Masters 2019"]
[Site "Wijk aan Zee NED"]
[Date "2019.01.25"]
[Round "11"]
[White "Mamedyarov, Shakhriyar"]
[Black "Vidit, Santosh Gujrathi"]
[Result "0-1"]
[WhiteElo "2817"]
[BlackElo "2695"]
[PlyCount "60"]
[EventDate "2019.01.12"]

1. d4 Nf6 2. c4 e6 3. Nf3 d5 4. Nc3 Bb4 5. Bg5 h6 6. Bh4 dxc4 7. a3 Bxc3+ 8.
bxc3 Nbd7 9. e3 b5 10. a4 c6 11. Qb1 a6 12. Be2 O-O 13. O-O Qe8 14. Re1 Nd5 15.
Qc2 Bb7 16. e4 N5f6 17. Bf1 c5 18. Rab1 Qc8 19. axb5 axb5 20. Rxb5 Bxe4 21. Qd2
Bxf3 22. gxf3 Qc6 23. Bxc4 cxd4 24. Qxd4 Rfc8 25. Rb4 Qxf3 26. Bg3 Ra3 27. Rc1
Nd5 28. Bxd5 exd5 29. Rd1 Nf6 30. Be5 Ne4 0-1

[Event "Tata Steel Masters 2019"]
[Site "Wijk aan Zee NED"]
[Date "2019.01.26"]
[Round "12"]
[White "Ding, Liren"]
[Black "Anand, Viswanathan"]
[Result "1/2-1/2"]
[WhiteElo "2813"]
[BlackElo "2773"]
[PlyCount "79"]
[EventDate "2019.01.12"]

1. e4 e5 2. Nf3 Nc6 3. Bc4 Bc5 4. O-O Nf6 5. d3 d6 6. c3 a6 7. a4 O-O 8. Re1 h6
9. h3 a5 10. Nbd2 Be6 11. b3 d5 12. exd5 Nxd5 13. Ne4 Bb6 14. Ra2 f5 15. Ng3
Qf6 16. Nxe5 Nxe5 17. Nh5 Qf7 18. Rxe5 Nxc3 19. Rxe6 Nxd1 20. Re7 Rad8 21. Rae2
Nc3 22. R2e5 c6 23. Rxb7 Nd5 24. Rxf7 Rxf7 25. Re6 Kh7 26. Rxc6 Re7 27. Bxh6
gxh6 28. Bxd5 Rd6 29. Rxd6 Re1+ 30. Kh2 Bc7 31. g4 Bxd6+ 32. Kg2 Kg6 33. Ng3
Bxg3 34. Kxg3 Rd1 35. Bc4 Kf6 36. f3 Rg1+ 37. Kf2 Rh1 38. Kg2 Rd1 39. Kg3 Rg1+
40. Kf2 1/2-1/2

[Event "Tata Steel Masters 2019"]
[Site "Wijk aan Zee NED"]
[Date "2019.01.26"]
[Round "12"]
[White "Radjabov, Teimour"]
[Black "Giri, Anish"]
[Result "1/2-1/2"]
[WhiteElo "2757"]
[BlackElo "2783"]
[PlyCount "63"]
[EventDate "2019.01.12"]

1. d4 d5 2. c4 e6 3. Nc3 Be7 4. cxd5 exd5 5. Bf4 c6 6. e3 Bf5 7. g4 Be6 8. h3
Nd7 9. Bd3 h5 10. gxh5 Ndf6 11. h6 Nxh6 12. Qc2 Qd7 13. Nf3 Bf5 14. Ne5 Bxd3
15. Nxd3 Nh5 16. Bh2 Qxh3 17. O-O-O Qf5 18. Qb3 b5 19. f3 O-O 20. e4 Qxf3 21.
Ne5 Qe3+ 22. Kb1 b4 23. Nxc6 bxc3 24. Nxe7+ Kh7 25. Rhe1 Qf2 26. Be5 f6 27. Bd6
Rfd8 28. Bc5 Qxb2+ 29. Qxb2 cxb2 30. exd5 Rd7 31. d6 Ng3 32. Kxb2 1/2-1/2

[Event "Tata Steel Masters 2019"]
[Site "Wijk aan Zee NED"]
[Date "2019.01.26"]
[Round "12"]
[White "Vidit, Santosh Gujrathi"]
[Black "Rapport, Richard"]
[Result "1/2-1/2"]
[WhiteElo "2695"]
[BlackElo "2731"]
[PlyCount "82"]
[EventDate "2019.01.12"]

1. d4 Nc6 2. Nf3 d5 3. c4 Bg4 4. Nc3 e6 5. e3 Nf6 6. Qb3 Bxf3 7. gxf3 Rb8 8. a3
Be7 9. f4 O-O 10. Qc2 Qd7 11. Rg1 Na5 12. cxd5 exd5 13. b4 Nc4 14. Nxd5 Nxd5
15. Bxc4 Bh4 16. f5 Rfe8 17. Kf1 Nf6 18. f3 Qc6 19. Kg2 Rbd8 20. b5 Qd7 21. Kh3
g5 22. e4 Qxd4 23. Bxg5 Bxg5 24. Rxg5+ Kh8 25. Rag1 Nxe4 26. fxe4 Rxe4 27. Bxf7
Rh4+ 28. Kg2 Qf6 29. Kh1 Qxf7 30. Qg2 Rhd4 31. f6 Rd1 32. Qf3 Rxg1+ 33. Rxg1
Qd5 34. Qxd5 Rxd5 35. f7 Rd8 36. Rc1 a6 37. bxa6 bxa6 38. Rxc7 Kg7 39. Ra7 Rd1+
40. Kg2 Rd2+ 41. Kg1 Rd1+ 1/2-1/2

[Event "Tata Steel Masters 2019"]
[Site "Wijk aan Zee NED"]
[Date "2019.01.26"]
[Round "12"]
[White "Van Foreest, Jorden"]
[Black "Mamedyarov, Shakhriyar"]
[Result "1/2-1/2"]
[WhiteElo "2612"]
[BlackElo "2817"]
[PlyCount "80"]
[EventDate "2019.01.12"]

1. e4 c6 2. Nf3 g6 3. d4 Bg7 4. Bd3 d6 5. O-O Nf6 6. Re1 O-O 7. Nbd2 Qc7 8. c3
e5 9. h3 Nbd7 10. Nf1 Re8 11. Ng3 b6 12. Bg5 h6 13. Bd2 Bb7 14. a4 Rad8 15. Qc1
Kh7 16. b4 d5 17. dxe5 Nxe4 18. Bf4 Nxe5 19. Nxe5 Bxe5 20. Bxe5 Rxe5 21. Qf4 f5
22. f3 g5 23. Qe3 f4 24. Qf2 fxg3 25. Qxg3 Kg7 26. fxe4 d4 27. cxd4 Rxd4 28.
Rf1 c5 29. bxc5 bxc5 30. Rab1 Bc6 31. Rf5 Re7 32. e5 Qd8 33. Rxg5+ hxg5 34.
Qxg5+ Kh8 35. Qh6+ Kg8 36. Qg6+ Rg7 37. Qe6+ Rf7 38. Bh7+ Kxh7 39. Qxf7+ Kh8
40. Rb8 Qxb8 1/2-1/2

[Event "Tata Steel Challengers 2019"]
[Site "Wijk aan Zee NED"]
[Date "2019.01.25"]
[Round "11"]
[White "L'Ami, Erwin"]
[Black "Keymer, Vincent"]
[Result "1/2-1/2"]
[WhiteElo "2643"]
[BlackElo "2500"]
[PlyCount "127"]
[EventDate "2019.01.12"]

1. e4 c5 2. Nf3 d6 3. d4 cxd4 4. Nxd4 Nf6 5. Nc3 a6 6. a4 e5 7. Nf3 Be7 8. Bg5
Be6 9. Bxf6 Bxf6 10. Nd5 Nd7 11. Bc4 O-O 12. O-O Nb6 13. Bb3 Be7 14. a5 Nd7 15.
Nd2 Rc8 16. Nc4 Nc5 17. Ncb6 Rc6 18. Nb4 Rc7 19. Bd5 Nd7 20. c3 Re8 21. Nxd7
Qxd7 22. Qb3 Bd8 23. Nd3 Bg5 24. Kh1 h5 25. Rad1 h4 26. Bxe6 Qxe6 27. Qxe6 fxe6
28. Rfe1 Rd8 29. Kg1 Kf7 30. g3 Bf6 31. Kf1 g5 32. f3 Rc4 33. Nf2 Rc5 34. Ra1
Rd7 35. Ra4 Rdc7 36. Ke2 Rc4 37. Rxc4 Rxc4 38. Ra1 Bd8 39. Kd3 Rc7 40. Ng4 Ke8
41. b4 Rf7 42. Ke2 Kd7 43. Rd1 Kc7 44. c4 Be7 45. b5 Rf8 46. Nf2 axb5 47. cxb5
Ra8 48. Ra1 Kd7 49. Nd3 hxg3 50. hxg3 Bd8 51. a6 bxa6 52. bxa6 Bb6 53. Nf2 Kc6
54. Nh3 Bd8 55. f4 exf4 56. gxf4 gxf4 57. Nxf4 Bf6 58. Ra3 Kb6 59. Rb3+ Kc6 60.
Nxe6 Rxa6 61. Nf4 Ra2+ 62. Kf3 Be5 63. Nd3 Ra4 64. Nxe5+ 1/2-1/2

[Event "Tata Steel Challengers 2019"]
[Site "Wijk aan Zee NED"]
[Date "2019.01.25"]
[Round "11"]
[White "Saduakassova, Dinara"]
[Black "Kuipers, Stefan"]
[Result "1/2-1/2"]
[WhiteElo "2472"]
[BlackElo "2470"]
[PlyCount "122"]
[EventDate "2019.01.12"]

1. d4 d5 2. c4 c6 3. Nf3 Nf6 4. Nc3 e6 5. cxd5 exd5 6. Qc2 g6 7. Bg5 Bg7 8. e3
Bf5 9. Bd3 Bxd3 10. Qxd3 O-O 11. O-O Nbd7 12. b4 Re8 13. b5 h6 14. Bxf6 Bxf6
15. Rfc1 Nb6 16. bxc6 bxc6 17. Rab1 Rc8 18. Nd2 c5 19. dxc5 Rxc5 20. Nb3 Rxc3
21. Rxc3 Bxc3 22. Qxc3 Qd7 23. Rd1 Qa4 24. Qb2 Rc8 25. h3 Qb4 26. Qe2 Qc4 27.
Qd2 Qa4 28. Qe2 Qc4 29. Qe1 Qa4 30. Qd2 Rc4 31. Qb2 Rc8 32. Rd4 Rc4 33. Rd2 Qb4
34. Qf6 Rc8 35. Rd4 Rc4 36. Rd2 Rc8 37. Kh2 Qc3 38. Qe7 Qc7+ 39. Qxc7 Rxc7 40.
Nd4 Rc1 41. Ne2 Rc5 42. Nf4 Kf8 43. g4 Ke7 44. Kg3 Ra5 45. h4 Ra3 46. h5 Kf6
47. Rc2 gxh5 48. Nxh5+ Ke5 49. Kh4 d4 50. f4+ Ke4 51. exd4 Nd5 52. Ng3+ Kf3 53.
Nf5 Nxf4 54. Nxh6 f6 55. Ng8 Ng6+ 56. Kh5 Nf4+ 57. Kh4 Ng6+ 58. Kh5 Nf4+ 59.
Kh4 Ng6+ 60. Kh5 Nf4+ 61. Kh4 Ng6+ 1/2-1/2

[Event "Tata Steel Challengers 2019"]
[Site "Wijk aan Zee NED"]
[Date "2019.01.25"]
[Round "11"]
[White "Chigaev, Maksim"]
[Black "Korobov, Anton"]
[Result "1/2-1/2"]
[WhiteElo "2604"]
[BlackElo "2699"]
[PlyCount "50"]
[EventDate "2019.01.12"]

1. e4 c5 2. Nf3 d6 3. d4 cxd4 4. Nxd4 Nf6 5. Nc3 a6 6. Be3 Nbd7 7. f3 h5 8. Qd2
e6 9. Bc4 Ne5 10. Bb3 b5 11. a4 b4 12. Na2 a5 13. c3 d5 14. exd5 Nxd5 15. Bxd5
Qxd5 16. Nb5 Qxd2+ 17. Bxd2 Ba6 18. Nc7+ Kd7 19. Nxa6 Rxa6 20. cxb4 axb4 21. b3
Bd6 22. Rd1 Ke7 23. Bxb4 Bxb4+ 24. Nxb4 Rb6 25. Nd3 Nxd3+ 1/2-1/2

[Event "Tata Steel Challengers 2019"]
[Site "Wijk aan Zee NED"]
[Date "2019.01.25"]
[Round "11"]
[White "Kovalev, Vladislav"]
[Black "Maghsoodloo, Parham"]
[Result "1-0"]
[WhiteElo "2687"]
[BlackElo "2679"]
[PlyCount "135"]
[EventDate "2019.01.12"]

1. e4 d5 2. exd5 Qxd5 3. Nc3 Qd8 4. d4 Nf6 5. Nf3 g6 6. Bc4 Bg7 7. O-O O-O 8.
h3 a6 9. a4 Nc6 10. Re1 b6 11. b3 e6 12. Be3 Bb7 13. Qe2 Ne7 14. Rad1 Qd6 15.
Bg5 Ned5 16. Bd2 Nf4 17. Bxf4 Qxf4 18. d5 exd5 19. Nxd5 Nxd5 20. Bxd5 c6 21.
Qe7 Rab8 22. Bc4 b5 23. Bf1 c5 24. Qd6 Qf5 25. Bd3 Qc8 26. Be4 bxa4 27. bxa4 a5
28. Bxb7 Rxb7 29. Ne5 c4 30. Nd7 Rd8 31. Nf6+ Bxf6 32. Qxf6 Rbd7 33. Rxd7 Qxd7
34. Re4 Rc8 35. Re7 Qd1+ 36. Kh2 Rf8 37. Qc3 Qd6+ 38. Qe5 Qb4 39. c3 Qxa4 40.
f4 Qa3 41. h4 h6 42. h5 g5 43. fxg5 Qc1 44. gxh6 Qxh6 45. Ra7 f5 46. Qd5+ Kh8
47. Qd4+ Kg8 48. Qxc4+ Kh8 49. Qd4+ Kg8 50. Kg1 Re8 51. Qd5+ Kh8 52. Qd4+ Kg8
53. Rxa5 Qxh5 54. Qd5+ Kh8 55. Qd4+ Kg8 56. Qd5+ Kh8 57. Qxf5 Qd1+ 58. Kh2 Qd6+
59. g3 Qd2+ 60. Kh3 Qxc3 61. Qh5+ Kg7 62. Rg5+ Kf6 63. Rf5+ Ke6 64. Qf7+ Kd6
65. Rd5+ Kc6 66. Qd7+ Kb6 67. Rb5+ Ka6 68. Qb7# 1-0

[Event "Tata Steel Challengers 2019"]
[Site "Wijk aan Zee NED"]
[Date "2019.01.25"]
[Round "11"]
[White "Gledura, Benjamin"]
[Black "Esipenko, Andrey"]
[Result "1/2-1/2"]
[WhiteElo "2615"]
[BlackElo "2584"]
[PlyCount "94"]
[EventDate "2019.01.12"]

1. Nf3 Nf6 2. c4 c5 3. b3 e6 4. Bb2 b6 5. g3 Bb7 6. Bg2 Be7 7. O-O O-O 8. Nc3
d5 9. cxd5 Nxd5 10. d4 Nxc3 11. Bxc3 cxd4 12. Qxd4 Qxd4 13. Nxd4 Bxg2 14. Kxg2
Rc8 15. Rac1 Nc6 16. Nxc6 Rxc6 17. Be5 Rxc1 18. Rxc1 f6 19. Bf4 e5 20. Be3 Bd6
21. f4 exf4 22. gxf4 Kf7 23. Kf3 Rd8 24. a4 Ke6 25. Rc4 f5 26. Bd4 g6 27. e4
Bc5 28. exf5+ gxf5 29. Bxc5 bxc5 30. Rxc5 Rd3+ 31. Kg2 Rxb3 32. Re5+ Kf6 33.
Ra5 Kg6 34. Rxa7 Kh5 35. h3 Rb2+ 36. Kf3 Rb3+ 37. Ke2 h6 38. Ra5 Rxh3 39. Rxf5+
Kg4 40. Rf8 Ra3 41. f5 Rxa4 42. f6 Kf5 43. f7 Ra7 44. Rh8 Re7+ 45. Kd3 Rxf7 46.
Rxh6 Rf6 47. Rxf6+ Kxf6 1/2-1/2

[Event "Tata Steel Challengers 2019"]
[Site "Wijk aan Zee NED"]
[Date "2019.01.25"]
[Round "11"]
[White "Bareev, Evgeny"]
[Black "Paehtz, Elisabeth"]
[Result "1/2-1/2"]
[WhiteElo "2650"]
[BlackElo "2477"]
[PlyCount "61"]
[EventDate "2019.01.12"]

1. g3 Nf6 2. Bg2 d5 3. d3 g6 4. f4 c6 5. Nf3 Qb6 6. Nc3 Ng4 7. d4 Bg7 8. h3 Nf6
9. O-O O-O 10. g4 Ne4 11. Nxe4 dxe4 12. Ne5 f6 13. Nc4 Qa6 14. b3 b5 15. Ne3 f5
16. gxf5 gxf5 17. Bb2 c5 18. Kh1 Bb7 19. Rg1 Qh6 20. Bf1 Kh8 21. Rb1 Qxf4 22.
Rxg7 Kxg7 23. dxc5+ Kf7 24. Qd4 Rg8 25. Bg2 Nc6 26. Qd7 Bc8 27. Qxc6 Qxe3 28.
Qxa8 Rxg2 29. Kxg2 Qxe2+ 30. Kh1 Qf3+ 31. Kh2 1/2-1/2

[Event "Tata Steel Challengers 2019"]
[Site "Wijk aan Zee NED"]
[Date "2019.01.26"]
[Round "12"]
[White "Kuipers, Stefan"]
[Black "Bareev, Evgeny"]
[Result "0-1"]
[WhiteElo "2470"]
[BlackElo "2650"]
[PlyCount "74"]
[EventDate "2019.01.12"]

1. e4 c6 2. d4 d5 3. exd5 cxd5 4. Bd3 Nf6 5. h3 Nc6 6. c3 Qc7 7. Nf3 g6 8. Qc2
Bg7 9. O-O O-O 10. Be3 Bd7 11. Qc1 Rfe8 12. Bf4 Qc8 13. Re1 Bf5 14. Bf1 Ne4 15.
Na3 Qd8 16. Qd1 a6 17. Bd3 Nd6 18. Bxd6 Qxd6 19. Bxf5 gxf5 20. Nc2 Kh8 21. Ne3
Qd7 22. Nh4 e6 23. Kh1 Qc7 24. Rg1 Qf4 25. Nf3 Qh6 26. Ne1 Qh4 27. Nd3 Rg8 28.
Qf1 Bh6 29. Re1 Bf8 30. g3 Qh6 31. f4 Bd6 32. Kh2 Rg6 33. Qf3 Rag8 34. Ne5 Nxe5
35. dxe5 Bc5 36. h4 Be7 37. Ref1 Bxh4 0-1

[Event "Tata Steel Challengers 2019"]
[Site "Wijk aan Zee NED"]
[Date "2019.01.26"]
[Round "12"]
[White "Chigaev, Maksim"]
[Black "Van Foreest, Lucas"]
[Result "1/2-1/2"]
[WhiteElo "2604"]
[BlackElo "2502"]
[PlyCount "78"]
[EventDate "2019.01.12"]

1. d4 Nf6 2. c4 e6 3. Nc3 Bb4 4. Qc2 O-O 5. e4 d5 6. e5 Ne4 7. Bd3 c5 8. Nf3
cxd4 9. Nxd4 Qh4 10. Nf3 Qh5 11. cxd5 exd5 12. O-O Nxc3 13. bxc3 Be7 14. Nd4
Qxe5 15. Bxh7+ Kh8 16. Bd3 Nc6 17. Be3 Bd6 18. g3 Bh3 19. Rfe1 Qh5 20. Nxc6 Qf3
21. Bf1 Bxf1 22. Rxf1 bxc6 23. Rad1 f5 24. Rfe1 Rae8 25. Qe2 Qxe2 26. Rxe2 f4
27. gxf4 Bxf4 28. Rde1 Bxe3 29. Rxe3 Rxe3 30. fxe3 Re8 31. c4 dxc4 32. e4 Rd8
33. Kf2 Rd2+ 34. Ke3 Rxh2 35. Kd4 Kg8 36. Rc1 Rxa2 37. Rxc4 Ra6 38. Ke5 Kf7 39.
Kd6 c5+ 1/2-1/2

[Event "Tata Steel Challengers 2019"]
[Site "Wijk aan Zee NED"]
[Date "2019.01.26"]
[Round "12"]
[White "Maghsoodloo, Parham"]
[Black "L'Ami, Erwin"]
[Result "1/2-1/2"]
[WhiteElo "2679"]
[BlackElo "2643"]
[PlyCount "31"]
[EventDate "2019.01.12"]

1. e4 e6 2. d4 d5 3. e5 c5 4. c3 Nc6 5. Nf3 Bd7 6. Be2 Nh6 7. O-O Nf5 8. dxc5
Bxc5 9. Bd3 Nh4 10. Nbd2 Ng6 11. Nb3 Bb6 12. Qe2 O-O 13. Be3 Bc7 14. Bg5 Qe8
15. Bxg6 fxg6 16. Nbd4 1/2-1/2

[Event "Tata Steel Challengers 2019"]
[Site "Wijk aan Zee NED"]
[Date "2019.01.26"]
[Round "12"]
[White "Paehtz, Elisabeth"]
[Black "Kovalev, Vladislav"]
[Result "0-1"]
[WhiteElo "2477"]
[BlackElo "2687"]
[PlyCount "60"]
[EventDate "2019.01.12"]

1. d4 Nf6 2. Nf3 g6 3. Bg5 Bg7 4. Nbd2 d6 5. c3 O-O 6. e4 c5 7. dxc5 dxc5 8.
Be2 Nc6 9. O-O Qc7 10. Qc2 b6 11. Nc4 h6 12. Bh4 Nh5 13. Ne3 e6 14. Rad1 Bb7
15. Rd2 g5 16. Bg3 Nxg3 17. hxg3 Rad8 18. Rxd8 Rxd8 19. Nd2 Ne5 20. f4 Ng6 21.
e5 gxf4 22. gxf4 Nxf4 23. Ndc4 Bxe5 24. Bf3 Bxf3 25. Rxf3 Bg7 26. Qe4 Ng6 27.
Ng4 Rd1+ 28. Kf2 Qe7 29. Nge3 Rd8 30. Rh3 b5 0-1

[Event "Tata Steel Challengers 2019"]
[Site "Wijk aan Zee NED"]
[Date "2019.01.26"]
[Round "12"]
[White "Praggnanandhaa, R."]
[Black "Gledura, Benjamin"]
[Result "0-1"]
[WhiteElo "2539"]
[BlackElo "2615"]
[PlyCount "118"]
[EventDate "2019.01.12"]

1. Nf3 Nf6 2. g3 g6 3. Bg2 Bg7 4. O-O O-O 5. d4 c5 6. d5 b5 7. c4 a6 8. Re1 d6
9. e4 Bg4 10. Nc3 bxc4 11. e5 Nfd7 12. exd6 exd6 13. Bf4 Ne5 14. Bxe5 Bxe5 15.
Re4 Bxf3 16. Bxf3 Nd7 17. Rxc4 Bd4 18. Bg2 Rb8 19. Rb1 Ne5 20. Ra4 Qb6 21. Ne4
f5 22. Ng5 c4 23. Nf3 Bxf2+ 24. Kh1 Ng4 25. h3 Ne3 26. Qe2 Bxg3 27. Ng5 Be5 28.
Ne6 Nxg2 29. Kxg2 Qb5 30. Qxc4 Rfc8 31. Qxb5 axb5 32. Rb4 Kf7 33. Kf3 Kf6 34.
Ke3 Rc4 35. Rxc4 bxc4 36. b4 cxb3 37. axb3 Rb4 38. Nd8 Rh4 39. Nc6 Rxh3+ 40.
Ke2 Bf4 41. b4 Be3 42. Na5 f4 43. b5 Rh2+ 44. Kd3 Rd2+ 45. Kc3 Rxd5 46. Nc4
Bd4+ 47. Kb4 Ke6 48. Ka5 f3 49. Ka6 g5 50. Re1+ Re5 51. Nxe5 dxe5 52. b6 Bxb6
53. Kxb6 g4 54. Rf1 Kd5 55. Kb5 Ke4 56. Kc4 g3 57. Re1+ Kf4 58. Kd3 f2 59. Rf1
Kf3 0-1

[Event "Tata Steel Challengers 2019"]
[Site "Wijk aan Zee NED"]
[Date "2019.01.26"]
[Round "12"]
[White "Korobov, Anton"]
[Black "Keymer, Vincent"]
[Result "1-0"]
[WhiteElo "2699"]
[BlackElo "2500"]
[PlyCount "93"]
[EventDate "2019.01.12"]

1. c4 e6 2. Nc3 d5 3. d4 Nf6 4. cxd5 Nxd5 5. e4 Nxc3 6. bxc3 c5 7. a3 g6 8. Nf3
Bg7 9. Be3 O-O 10. Be2 Nc6 11. O-O cxd4 12. cxd4 b6 13. h4 Bb7 14. h5 gxh5 15.
Rc1 Rc8 16. e5 Ne7 17. Rxc8 Qxc8 18. Bd3 Qc6 19. Qb1 Ng6 20. Rc1 Qd7 21. Ng5
Rd8 22. Be4 Bd5 23. Bxd5 exd5 24. f4 Qg4 25. Rc7 Rf8 26. e6 f6 27. e7 fxg5 28.
exf8=Q+ Nxf8 29. Qb3 gxf4 30. Bf2 Qe6 31. Rxa7 h4 32. Rb7 Qe4 33. Qf3 h3 34.
Qg4 Ng6 35. Rb8+ Nf8 36. gxh3 h5 37. Qxh5 Bxd4 38. Qg5+ Bg7 39. Rxb6 d4 40. Rb4
Ne6 41. Rb8+ Nf8 42. Rd8 Qb1+ 43. Kh2 Qc2 44. Qxf4 d3 45. Kg2 Qc6+ 46. Qf3 Qg6+
47. Kh1 1-0

[Event "Tata Steel Challengers 2019"]
[Site "Wijk aan Zee NED"]
[Date "2019.01.26"]
[Round "12"]
[White "Esipenko, Andrey"]
[Black "Saduakassova, Dinara"]
[Result "1-0"]
[WhiteElo "2584"]
[BlackElo "2472"]
[PlyCount "47"]
[EventDate "2019.01.12"]

1. e4 e5 2. Nf3 Nf6 3. Nxe5 d6 4. Nf3 Nxe4 5. Nc3 Nxc3 6. dxc3 Be7 7. Be3 Nd7
8. Qd2 O-O 9. O-O-O c6 10. h4 d5 11. Kb1 Re8 12. Bd3 Nc5 13. Ng5 h6 14. Bh7+
Kf8 15. c4 Na4 16. Qd3 Qd6 17. Bc1 hxg5 18. hxg5 Bd8 19. cxd5 cxd5 20. Qf3 Be6
21. Bf5 Nb6 22. Rde1 Nd7 23. Rh8+ Ke7 24. Rxe6+ 1-0

[Event "Gibraltar Masters 2019"]
[Site "Caleta ENG"]
[Date "2019.01.26"]
[Round "5"]
[White "Navara, David"]
[Black "So, Wesley"]
[Result "1/2-1/2"]
[WhiteElo "2738"]
[BlackElo "2765"]
[PlyCount "85"]
[EventDate "2019.01.22"]

1. e4 e5 2. Nf3 Nc6 3. Bb5 Nf6 4. d3 Bc5 5. Bxc6 dxc6 6. Nbd2 Be6 7. Qe2 Nd7 8.
Nb3 Bb6 9. Ng5 Bxb3 10. axb3 f6 11. Nf3 Nc5 12. Nd2 Qd7 13. Nc4 Ne6 14. O-O O-O
15. Kh1 Bd4 16. Qg4 Rad8 17. b4 a6 18. Na5 Rb8 19. f4 exf4 20. c3 Bb6 21. Bxf4
Bxa5 22. bxa5 Rbd8 23. d4 c5 24. d5 Nxf4 25. Qxd7 Rxd7 26. Rxf4 Re7 27. h4 Re5
28. Ra4 f5 29. exf5 Rexf5 30. Rxf5 Rxf5 31. Ra3 Rxd5 32. Rb3 c4 33. Rxb7 Rxa5
34. Rxc7 Rb5 35. Rxc4 Rxb2 36. Rc8+ Kf7 37. Rc7+ Kg6 38. Rc6+ Kh5 39. Rxa6 Kxh4
40. Ra7 h5 41. Rxg7 Rb1+ 42. Kh2 Rh1+ 43. Kxh1 1/2-1/2

[Event "Gibraltar Masters 2019"]
[Site "Caleta ENG"]
[Date "2019.01.26"]
[Round "5"]
[White "Grandelius, Nils"]
[Black "Naiditsch, Arkadij"]
[Result "1/2-1/2"]
[WhiteElo "2682"]
[BlackElo "2734"]
[PlyCount "61"]
[EventDate "2019.01.22"]

1. e4 e5 2. Nf3 Nc6 3. Bb5 Nf6 4. d3 d6 5. O-O Bd7 6. Re1 Be7 7. c3 O-O 8. Nbd2
Re8 9. Nf1 Bf8 10. Ng3 h6 11. h3 Ne7 12. Bc4 c6 13. Bb3 Ng6 14. d4 Qc7 15. Be3
exd4 16. Bxd4 Ne5 17. Nh5 Nxh5 18. Nxe5 dxe5 19. Qxh5 Bc8 20. Be3 Be6 21. Bxe6
Rxe6 22. Red1 a6 23. Rd2 Rd8 24. Rad1 Red6 25. Qe2 b5 26. b3 Rxd2 27. Rxd2 Rxd2
28. Qxd2 Qd6 29. Qxd6 Bxd6 30. Kf1 f6 31. Ke2 1/2-1/2

[Event "Gibraltar Masters 2019"]
[Site "Caleta ENG"]
[Date "2019.01.26"]
[Round "5"]
[White "Jumabayev, Rinat"]
[Black "Artemiev, Vladislav"]
[Result "0-1"]
[WhiteElo "2604"]
[BlackElo "2709"]
[PlyCount "56"]
[EventDate "2019.01.22"]

1. d4 Nf6 2. Nf3 g6 3. g3 Bg7 4. Bg2 d5 5. O-O O-O 6. Nbd2 Bf5 7. c4 c6 8. b3
Nbd7 9. Nh4 Bg4 10. h3 Be6 11. Bb2 Ne4 12. cxd5 cxd5 13. Nxe4 dxe4 14. Bxe4
Bxh3 15. Bxb7 Bxf1 16. Bxa8 Bxe2 17. Qxe2 Qxa8 18. Qxe7 Nf6 19. Qe2 Re8 20. Qf3
Qd8 21. Rd1 Ne4 22. Bc1 Qa5 23. a3 Qc3 24. Kg2 Qc2 25. Bf4 g5 26. Rc1 Qb2 27.
Be3 gxh4 28. Qxe4 Rxe4 0-1

[Event "Gibraltar Masters 2019"]
[Site "Caleta ENG"]
[Date "2019.01.26"]
[Round "5"]
[White "Adams, Michael"]
[Black "Papp, Gabor"]
[Result "1/2-1/2"]
[WhiteElo "2701"]
[BlackElo "2603"]
[PlyCount "63"]
[EventDate "2019.01.22"]

1. e4 e5 2. Nf3 Nf6 3. Nxe5 d6 4. Nf3 Nxe4 5. d4 d5 6. Bd3 Bd6 7. O-O O-O 8.
Re1 Bf5 9. c4 c6 10. Qb3 Qd7 11. Nc3 Nxc3 12. Bxf5 Qxf5 13. bxc3 b6 14. Nh4 Qh5
15. g3 Nd7 16. cxd5 cxd5 17. Ng2 Rfe8 18. Bf4 Bf8 19. Ne3 Nf6 20. Kg2 Rac8 21.
h4 h6 22. a4 Re6 23. a5 Rec6 24. axb6 Rxb6 25. Qa2 Rxc3 26. Qxa7 Rb2 27. Ra2
Rxa2 28. Qxa2 Ra3 29. Qc2 Ne4 30. Qe2 Qxe2 31. Rxe2 Rd3 32. Nxd5 1/2-1/2

[Event "Gibraltar Masters 2019"]
[Site "Caleta ENG"]
[Date "2019.01.26"]
[Round "5"]
[White "Vitiugov, Nikita"]
[Black "Harsha, Bharathakoti"]
[Result "1-0"]
[WhiteElo "2720"]
[BlackElo "2481"]
[PlyCount "41"]
[EventDate "2019.01.22"]

1. e4 d6 2. d4 Nf6 3. Nc3 g6 4. Be3 c6 5. Qd2 Nbd7 6. Nf3 Bg7 7. Bh6 O-O 8.
O-O-O Qa5 9. h4 b5 10. Bxg7 Kxg7 11. e5 dxe5 12. dxe5 Ng4 13. h5 b4 14. hxg6
hxg6 15. Nb1 Nc5 16. Qf4 Be6 17. Nd4 Qxa2 18. Be2 Na4 19. Bxg4 Qxb2+ 20. Kd2
Rh8 21. Bxe6 1-0

[Event "Gibraltar Masters 2019"]
[Site "Caleta ENG"]
[Date "2019.01.26"]
[Round "5"]
[White "Vachier-Lagrave, Maxime"]
[Black "Ju, Wenjun"]
[Result "1-0"]
[WhiteElo "2780"]
[BlackElo "2575"]
[PlyCount "65"]
[EventDate "2019.01.22"]

1. Nf3 d5 2. e3 Nf6 3. c4 e6 4. b3 Be7 5. Bb2 dxc4 6. Bxc4 c5 7. g4 O-O 8. g5
Nd5 9. Nc3 a6 10. Qc2 Nb4 11. Qe4 Bd7 12. Ne5 Bxg5 13. Rg1 Ra7 14. Qg4 b5 15.
Ne4 f5 16. Qxg5 Qxg5 17. Rxg5 bxc4 18. Nxc5 Bc8 19. Ke2 cxb3 20. Rag1 Rd8 21.
axb3 a5 22. Rxg7+ Rxg7 23. Rxg7+ Kxg7 24. Nc6+ Kf8 25. Nxd8 Ke7 26. Ndb7 N8a6
27. Bc3 Nxc5 28. Nxc5 Kd6 29. Bxb4 axb4 30. d4 e5 31. Kd3 Kd5 32. f4 e4+ 33.
Ke2 1-0

[Event "Gibraltar Masters 2019"]
[Site "Caleta ENG"]
[Date "2019.01.26"]
[Round "5"]
[White "Peralta, Fernando"]
[Black "Aronian, Levon"]
[Result "0-1"]
[WhiteElo "2580"]
[BlackElo "2767"]
[PlyCount "114"]
[EventDate "2019.01.22"]

1. d4 Nf6 2. c4 e6 3. Nc3 Bb4 4. e3 O-O 5. Bd3 d5 6. Nf3 dxc4 7. Bxc4 c5 8. O-O
cxd4 9. exd4 b6 10. Re1 Bb7 11. Bd3 Nc6 12. a3 Bxc3 13. bxc3 Rc8 14. c4 Na5 15.
Ne5 Nd7 16. Qh5 g6 17. Qh3 Nxe5 18. dxe5 Nb3 19. Bxg6 fxg6 20. Qxb3 Qd4 21. Ra2
Rxc4 22. Qg3 Rf5 23. h3 Rc3 24. Qg4 Qd5 25. Rae2 Qc6 26. Bb2 Rc4 27. Qg3 Qc5
28. Rd2 Bd5 29. Red1 g5 30. Bd4 Qc7 31. f3 h5 32. Kh2 Qg7 33. h4 gxh4 34. Qxh4
Qxe5+ 35. Bxe5 Rxh4+ 36. Kg3 Rc4 37. Bb2 Kf7 38. Rh1 Ke7 39. Rh4 Rc8 40. Kf2
Kd6 41. Ke3 a5 42. a4 Rc6 43. Re2 Kc7 44. Re1 Rg5 45. g4 hxg4 46. fxg4 Rc4 47.
Rc1 Rxc1 48. Bxc1 Re5+ 49. Kf2 Re4 50. Rh7+ Kc6 51. g5 Rxa4 52. g6 Ra2+ 53. Ke1
Rg2 54. g7 e5 55. Rh6+ Kb5 56. Rd6 Bc4 57. Bh6 a4 0-1